Les plus grands pays commençant par la lettre A - Statistiques

Statistiques générales
  • Ce quiz a été pris 131 fois
  • Le résultat moyen est 4 sur 5
Statistiques - réponses
Superficie (km²) Position dans le monde
en termes de superficie
Pays % Correct
7 682 300 6 Australie
94%
2 780 400 8 Argentine
77%
2 381 741 10 Algérie
76%
1 246 700 22 Angola
74%
2 149 690 12 Arabie Saoudite
60%
Aucun quiz correspondant
Distribution des résultats
% des personnes avec chaque résultat
Percentile par nombre de réponses
Votre historique - résultats
Vous n’avez pas pris ce quiz